LEADER 01341nam 2200409 450 001 000002572 005 20070503173600.0 100 $a--------d1993----km-y0itay0103----ba 101 0 $aeng 102 $aGB 200 1 $aAnatolia$eland, men, and Gods in Asia Minor$fStephen Mitchell 200 1 $a1 $n0008176 210 $aOxford$cClarendon Press$d1993 215 $av.$d28 cm. 327 606 $aEllenismo 607 $aAnatolia$xStoria$z300 a. C.-600 676 $a956.1 702 1$aMitchell,$bStephen 801 0$aIT$bUniversità della Basilicata - B.I.A.$gRICA$2unimarc 912 $a000002572 996 $aAnatolia$971325 997 $aUNIBAS BAS $aMONLET BAS $aMONOGR BAS $aLETTERE CAT $aDILEO$b20$c19990906$lBAS01$h1612 CAT $c20000920$lBAS01$h1830 CAT $c20001010$lBAS01$h1633 CAT $c20050601$lBAS01$h1753 CAT $abatch$b01$c20050718$lBAS01$h1047 CAT $c20050718$lBAS01$h1106 CAT $c20050718$lBAS01$h1136 CAT $c20050718$lBAS01$h1151 CAT $aBATCH$b00$c20070503$lBAS01$h1736 FMT Z30 -1$lBAS01$LBAS01$mBOOK$1BASA1$APolo Storico-Umanistico$2DID$BDidattica$3FG/90286$9FG/90286$690286$5L90286$819990906$b1$eXVIII, 266 p. : ill.$f31$FDidattica Lettere$hVol. 1: The Celts in Anatolia and impact of Roman rule LEADER 02269nas 2200697-a 450 001 996251334503316 005 20230222213018.0 011 $a1744-6309 035 $a(OCoLC)60613783 035 $a(CKB)111097776606054 035 $a(CONSER)--2005249082 035 $a(EXLCZ)99111097776606054 100 $a20050614a20059999 o-- a 101 0 $aeng 135 $aur||||||||||| 181 $ctxt$2rdacontent 182 $cc$2rdamedia 183 $acr$2rdacarrier 200 10$aJournal of intellectual disabilities 210 $aLondon ;$aNew Delhi $cSAGE Publications 215 $aOnline resource 300 $aRefereed/Peer-reviewed 311 $a1744-6295 517 1 $aJOID 531 $aJ INTELLECT DISABIL 606 $aIntellectual disability$vPeriodicals 606 $aPeople with mental disabilities$vPeriodicals 606 $aLearning disabilities$vPeriodicals 606 $aIntellectual Disability 606 $aPsychiatry 606 $aLearning Disabilities 606 $aLearning disabilities$2fast$3(OCoLC)fst00994891 606 $aIntellectual disability$2fast$3(OCoLC)fst01016625 606 $aPeople with mental disabilities$2fast$3(OCoLC)fst01057383 606 $aHandicap intellectuel$2rasuqam 606 $aTrouble d'apprentissage$2rasuqam 606 $aHandicapé mental$2rasuqam 608 $aFulltext. 608 $aInternet Resources. 608 $aPeriodicals. 608 $aPeriodicals.$2fast 608 $aPeriodicals.$2lcgft 608 $aPériodique électronique (Descripteur de forme)$2rasuqam 608 $aRessource Internet (Descripteur de forme)$2rasuqam 615 0$aIntellectual disability 615 0$aPeople with mental disabilities 615 0$aLearning disabilities 615 12$aIntellectual Disability. 615 12$aPsychiatry. 615 22$aLearning Disabilities. 615 7$aLearning disabilities. 615 7$aIntellectual disability. 615 7$aPeople with mental disabilities. 615 7$aHandicap intellectuel. 615 7$aTrouble d'apprentissage. 615 7$aHandicapé mental. 676 $a371.9 906 $aJOURNAL 912 $a996251334503316 996 $aJournal of intellectual disabilities$92351916 997 $aUNISA LEADER 02949oam 2200817 c 450 001 9910163135003321 005 20260302090207.0 010 $a3-86496-814-3 010 $a3-86496-812-7 010 $a3-86496-813-5 024 3 $a9783864968143 035 $a(CKB)3710000001045549 035 $a(MiAaPQ)EBC6000474 035 $a(UVK Verlag)9783864968143 035 $a(Narr)9783864968143 035 $a(EXLCZ)993710000001045549 100 $a20260302d2015 uy 0 101 0 $ager 135 $aurcnu|||||||| 181 $2rdacontent 182 $2rdamedia 183 $2rdacarrier 200 10$aInnovationsmarketing $eMarketing konkret /$fReinhard Hünerberg 205 $a1st ed. 210 $aTübingen$cUVK Verlag$d2015 215 $a1 online resource (80 pages) $cillustrations 300 $a[1. Auflage] 311 08$a3-86764-620-1 320 $aIncludes bibliographical references and index. 330 $aFür alle Arten von Innovationen gilt der Grundsatz marktorientierter Unternehmensführung. Das bedeutet, dass die unternehmerischen Aktivitäten an vorhandenen oder potenziellen Kunden und ihren bestehenden oder neu zu schaffenden Bedürfnissen ausgerichtet sind. Damit ist das Management von Innovationen primär eine Marketingaufgabe, die sowohl darin besteht, den Innovationscharakter des Angebots bei Abnehmern zu verankern als auch entsprechende Kaufwünsche und tatsächliches Kaufverhalten auszulösen. Die adäquate Durchführung der damit verbundenen Marketingaufgaben entscheidet maßgeblich über den Innovationserfolg. Das Buch führt in das Innovationsmarketing ein und folgt dabei dem praktischen Ablauf in einem Unternehmen: Situationsanalyse, Marktziele, Marktstrategien und schließlich Marktinstrumente für Innovationen. 606 $aAbsatzwege 606 $aBWL 606 $aInnovation 606 $aInnovationsstrategie 606 $aKooperation 606 $aMarktfestlegung 606 $aMarktstrategie 606 $aMarktverhalten 606 $aMarktziele 606 $aMarktzutritt 606 $aMedienselektion 606 $aPreispolitik 606 $aSWOT-Analyse 606 $aTechnologie 606 $aVertrieb 606 $aVertriebswege 615 4$aAbsatzwege 615 4$aBWL 615 4$aInnovation 615 4$aInnovationsstrategie 615 4$aKooperation 615 4$aMarktfestlegung 615 4$aMarktstrategie 615 4$aMarktverhalten 615 4$aMarktziele 615 4$aMarktzutritt 615 4$aMedienselektion 615 4$aPreispolitik 615 4$aSWOT-Analyse 615 4$aTechnologie 615 4$aVertrieb 615 4$aVertriebswege 676 $a658.406 700 $aHünerberg$b Reinhard$4aut$00 801 0$bMiAaPQ 801 1$bMiAaPQ 801 2$bMiAaPQ 906 $aBOOK 912 $a9910163135003321 996 $aInnovationsmarketing$92780965 997 $aUNINA